000 01001nam0a22002771 4500
001 RU\NLR\A1\33411
005 20251203152403.2
035 _a(NLR Aleph) 009683552
090 _a9710540
_c9710540
100 _a20260119 rusy50
101 0 _arus
102 _aRU
200 1 _aПесня
210 _a[Б.м.
_dБ.г.]
215 _a[2] с.
_d
300 _aТекст начинается словами: Здесь пристанище покоя...
304 _aВ конце текста авт.: Сочинение Александра Фомина, архангелогородскаго купца
321 1 _aСК XVIII. Доп. 240
700 1 _4070
_7ca
_8rus
_aФомин
_bА. И.
_cпутешественник, книготорговец
_f1733-1802
_gАлександр Иванович
_9211537
_3RU\NLR\AUTH\770211593
801 0 _aRU
_bNLR
_c20020220
899 _aГПИБ
899 _aГПИБ
942 _cBOOK
980 _aNB
980 _aA1XVIIIv